000 00704nam a2200193Ia 4500
003 GCL
008 140319s9999 xx 000 0 ara d
040 _aGCL /
_cGCL
082 0 4 _a811.1
_bم م
100 1 _aالمثقب العبدى : العائذ بن محصن بن ثعلبه
245 1 0 _aمجلة معهد المخطوطات العربية (المجلد 16) : ديوان شعر المثقب العبدى /
_cالمثقب العبدى : العائذ بن محصن بن ثعلبه
700 1 _aحسن كامل (معلق)
300 _a430 ص
490 _a
650 0 4 _aالشعر العربى
650 0 4 _aالادب العربى
650 0 4 _aالعصر الجاهلى
942 _2ddc
_cBK
999 _c45527
_d45527